Perception Process - Statistics

General Stats
  • This quiz has been taken 7 times
  • The average score is 6 of 14
Answer Stats
Hint Answer % Correct
Process of awareness to stimuli of senses Perception
100%
Only paying attention to specific information Selective attention
100%
Filling in details to complete a message Closure
50%
Unidirectional message Interactional
50%
Grouping two or more stimuli based on closeness to each other Proximity
50%
1. Choosing stimuli to watch Selection
50%
Choosing to attend one event over another Selective exposure
50%
Choosing to process and store only specific information Selective retention
50%
Bidirectional message Transactional
50%
Measure of our ability to process and store simple to complicated info Cognitive Complexity
0%
3. Assigning of meaning to stimuli Interpretation
0%
2. Encoding stimuli Organization
0%
Grouping stimuli that resemble each other Similarity
0%
Act of sending a message Transmissional
0%
No matching quizzes found
Score Distribution
Percent of People with Each Score
Percentile by Number Answered
Your Score History
You have not taken this quiz